000 00821nam a2200193Ia 4500
008 151121s9999||||xx |||||||||||||| ||und||
082 _a920/लागू
082 _bHNW-15580
100 _aलागू रा। अ।
245 _aरा। गोपाळराव गोविंद पटवर्धन यांचे चरित्र
260 _b"लागू रा। अ।, सांगली।"
260 _c--
300 _a170
600 _aलागू रा। अ।
630 _aरा। गोपाळराव गोविंद पटवर्धन यांचे चरित्र
700 _aलागू रा। अ।
730 _aरा। गोपाळराव गोविंद पटवर्धन यांचे चरित्र
942 _cBOOK
999 _c1218712
_d1218709